000 00690nam a2200265 a 4500
003 AR-BaBNM
005 20251128203757.0
008 082120s2002 ||||||||||||||000 | spa||
040 _cAR-BaBNM
100 1 _aHymes, James L.
245 0 0 _aDisciplina del niño
260 _aBuenos Aires
_bLerú
_c1957
300 _a76 p.
_bil.
490 0 _aLa vida del niño
650 4 _aDISCIPLINA
650 4 _aEDUCACION DEL NIÑO
650 4 _aPSICOLOGIA DEL DESARROLLO
650 4 _aINFANCIA
650 4 _aDIFERENCIAS INDIVIDUALES
650 4 _aRELACION PADRES-HIJOS
700 1 _aMas, Elena Amalia
_etraductor
700 1 _aAllcott, Ruth
_eilustrador
942 _cBK
998 _cSILVI
999 _c4908
_d4908